| 000 | 01059nac a22002291u 4500 | ||
|---|---|---|---|
| 008 | 081202t xxu||||| |||| 00| 0 eng d | ||
| 010 | _a 2002019388 | ||
| 020 | _a0750675683 (alk. paper) | ||
| 035 | _a(DLC) 2002019388 | ||
| 035 | _a(DLC)2890 | ||
| 082 | 0 | 0 |
_a622.3382 _bCHI |
| 100 |
_aChin, Wilson C. _919803 |
||
| 245 | 1 | 0 |
_aQuantitative Methods in Reservoir Engineering / _cWilson C. Chin. |
| 260 |
_aAmsterdam ; _aBoston : _bGulf Professional Pub., _cc2002. |
||
| 300 |
_axiii, 480 p. : _bill. ; _c24 cm. |
||
| 504 | _aIncludes bibliographical references (p. 453-461) and index. | ||
| 650 | 0 |
_aOil reservoir engineering. _919804 |
|
| 856 | 4 | 2 |
_3Publisher description _uhttp://www.loc.gov/catdir/description/els031/2002019388.html |
| 856 | 4 | 2 |
_3Table of contents _uhttp://www.loc.gov/catdir/toc/fy031/2002019388.html |
| 942 |
_cBB _k622.3382 CHI _2ddc |
||
| 999 |
_c1901 _d1901 |
||